000 00933nam a2200265 a 4500
001 BRL_416
005 20190320210731.0
008 070813s1974----mx-a######---#000-0#spa-#
041 _aspa
044 _amx
050 4 _aF1219
_b.G37 1974
100 1 _aGarcía Payon, José
_d1896-1977
_923862
245 1 0 _aLa zona arqueológica de Tecaxic-Calixtlahuaca y los Matlatzincas
_cJosé García Payón
250 _aEd. facsimilar de la 1936
_bpreparada por Mario Colín.
260 _aMéxico
_bBiblioteca Enciclopédica del Estado de México
_c1974
300 _a260 p.
_bil.
_c24 cm.
500 _aParte 1: Conmemoración del sesquicentenario de la erección del Estado de México, 1824-1974
500 _aAu425
650 1 4 _aMatlatzincas
_923863
650 1 4 _aIndígenas de México
_xAntigüedades
_9509
651 4 _aMéxico (Estado)
_xAntigüedades
_923864
700 1 _aColín, Mario
_923865
902 _aGRL
942 _2lcc
_cB
999 _c9229
_d9229